An introduction to database systems / (Record no. 26523)
[ view plain ]
| 000 -LEADER | |
|---|---|
| fixed length control field | 00808cam a22002535a 4500 |
| 005 - DATE AND TIME OF LATEST TRANSACTION | |
| control field | 20190526103723.0 |
| 008 - FIXED-LENGTH DATA ELEMENTS--GENERAL INFORMATION | |
| fixed length control field | 991127t2000 maua frb 001 0 eng d |
| 020 ## - INTERNATIONAL STANDARD BOOK NUMBER | |
| International Standard Book Number | 0201684195 |
| 020 ## - INTERNATIONAL STANDARD BOOK NUMBER | |
| International Standard Book Number | 9780201684193 |
| 040 ## - CATALOGING SOURCE | |
| Original cataloging agency | Uk |
| Language of cataloging | eng |
| Transcribing agency | Uk |
| Modifying agency | EG-ScBUE |
| -- | EG-ScBUE |
| 082 04 - DEWEY DECIMAL CLASSIFICATION NUMBER | |
| Classification number | 005.74 |
| Item number | DAT |
| Edition number | 22 |
| 100 1# - MAIN ENTRY--PERSONAL NAME | |
| Personal name | Date, C. J. |
| Fuller form of name | (Christopher John), |
| Dates associated with a name | 1941- |
| 245 13 - TITLE STATEMENT | |
| Title | An introduction to database systems / |
| Statement of responsibility, etc | C. J. Date. |
| 246 30 - VARYING FORM OF TITLE | |
| Title proper/short title | Database systems |
| 250 ## - EDITION STATEMENT | |
| Edition statement | 7th ed., International ed. |
| 260 ## - PUBLICATION, DISTRIBUTION, ETC. (IMPRINT) | |
| Place of publication, distribution, etc | Reading, Mass. ; |
| -- | Harlow : |
| Name of publisher, distributor, etc | Addison-Wesley, |
| Date of publication, distribution, etc | c.2000. |
| 300 ## - PHYSICAL DESCRIPTION | |
| Extent | xxii, 938 p. : |
| Other physical details | ill. ; |
| Dimensions | 24 cm. |
| 500 ## - GENERAL NOTE | |
| General note | Previous ed.: 1995. |
| 500 ## - GENERAL NOTE | |
| General note | Includes bibliographical references and index. |
| 650 #7 - SUBJECT ADDED ENTRY--TOPICAL TERM | |
| Topical term or geographic name as entry element | Database management. |
| Source of heading or term | BUEsh |
| 651 ## - SUBJECT ADDED ENTRY--GEOGRAPHIC NAME | |
| Source of heading or term | BUEsh |
| 653 ## - INDEX TERM--UNCONTROLLED | |
| Resource For college | Informatics and Computer Science |
| Arrived date list | April2018 |
| 942 ## - ADDED ENTRY ELEMENTS (KOHA) | |
| Source of classification or shelving scheme | Dewey Decimal Classification |
| Withdrawn status | Item status | Source of classification or shelving scheme | Damaged status | Not for loan | Home library | Current library | Shelving location | Date acquired | Source of acquisition | Total Checkouts | Full call number | Barcode | Date last seen | Koha item type |
|---|---|---|---|---|---|---|---|---|---|---|---|---|---|---|
| Dewey Decimal Classification | Central Library | Central Library | Lower Floor | 15/10/2018 | Donation | 005.74 DAT | 000042729 | 15/07/2025 | Book - Borrowing |